000 01337na a2200373 4500
001 14581
003 MIRAKIL
005 20181213155304.0
008 161025b tu 000 0
020 _a9786053992363
035 _a14581
040 _aMilas
_btur
_cTR-AnCHP
041 _aeng
082 _a324.2182
_bA56 2012
090 _a324.2182 A56 2012
245 _aAnother empire ?
_ba decade of Turkey's foreign policy under the justice and development party
_cEditörler Kerem Öktem, Ayşe Kadıoğlu, Mehmet Karlı
246 _aA decade of Turkey's foreign policy under the justice and development party
260 _aİstanbul
_bİstanbul Bilgi Üniversitesi Yayınları
_c2012
300 _axiv, 309 s.
_c24 sm.
490 _aİstanbul Bilgi Üniversitesi yayınları
_v382
490 _aSiyaset Bilimi
_v43
500 _aDizin var
610 _aAKP
_xDış politika
650 _aSiyasal partiler
_xSiyaset ve yönetim
_zTürkiye
650 _aTürkiye
_xUluslararası ilişkiler
_zABD
650 _aTürkiye
_xUluslararası ilişkiler
_zOrta Doğu
650 _aTürkiye
_xUluslararası ilişkiler
_zBalkanlar
650 _aMuhafazakarlık
_zTürkiye
651 _aTürkiye
_xSiyaset ve yönetim
700 _aÖktem, Kerem
700 _aKadıoğlu, Ayşe
700 _aKarlı, Mehmet
942 _2dcc
_cBKS
999 _c10030
_d10030